Nazionali della UEFA - Statistics

Statistiche generali
  • Questo quiz è stato fatto 50 volte
  • Il punteggio medio è 50 su 55
Statistiche sulle risposte
Nazionale % Corretto
Albania
100%
Belgio
100%
Estonia
100%
Irlanda
100%
Italia
100%
Lettonia
100%
Russia
100%
Svezia
100%
Andorra
98%
Austria
98%
Croazia
98%
Inghilterra
98%
Romania
98%
Serbia
98%
Slovenia
98%
Svizzera
98%
Bielorussia
95%
Danimarca
95%
Finlandia
95%
Francia
95%
Germania
95%
Grecia
95%
Lituania
95%
Montenegro
95%
Norvegia
95%
Paesi Bassi
95%
Portogallo
95%
San Marino
95%
Slovacchia
95%
Spagna
95%
Turchia
95%
Galles
93%
Islanda
93%
Polonia
93%
Scozia
93%
Ungheria
93%
Bosnia ed Erzegovina
90%
Bulgaria
90%
Irlanda del Nord
90%
Kosovo
90%
Repubblica Ceca
90%
Ucraina
90%
Lussemburgo
88%
Malta
88%
Macedonia del Nord
86%
Armenia
83%
Cipro
83%
Moldavia
83%
Georgia
79%
Gibilterra
74%
Israele
74%
Liechtenstein
74%
Azerbaigian
67%
Isole Faroe
64%
Kazakistan
64%
Nessun quiz corrispondente trovato
Distribuzione punteggi
Percentuale di utenti per punteggio
Percentile per numero di risposta
I tuoi punteggi nel tempo
Non hai fatto questo quiz